logo

Bir Sreshtho Munshi Abdur Rouf Library
Jhenaidah Cadet College

Network processor design : (Record no. 14248)

MARC details
000 -LEADER
fixed length control field 00634nam a2200229 a 4500
001 - CONTROL NUMBER
JCCL Control Number 14248
003 - CONTROL NUMBER IDENTIFIER
JCCL marc code BD-JhCC
005 - DATE AND TIME OF LATEST TRANSACTION
control field 20250224124424.0
008 - FIXED-LENGTH DATA ELEMENTS--GENERAL INFORMATION
fixed length control field 250224b 2003e a|||| ||a| 001 0 eng d
020 ## - INTERNATIONAL STANDARD BOOK NUMBER
International Standard Book Number 1558608753
035 ## - SYSTEM CONTROL NUMBER
system control number (BD-JhCC)14248
040 ## - CATALOGING SOURCE
Original cataloging agency BD-JhCC
Modifying agency BD-JhCC
041 ## - LANGUAGE CODE
Language code of Book english
082 ## - DEWEY DECIMAL CLASSIFICATION NUMBER
Classification number 004.65
Author mark and Year CRO 2003
100 ## - MAIN ENTRY--PERSONAL NAME
Personal name Crowley,Patrick
245 ## - TITLE STATEMENT
Title Network processor design :
Remainder of title issues and practices /
Statement of responsibility, etc Patrick Crowley.
260 ## - PUBLICATION, DISTRIBUTION, ETC. (IMPRINT)
Place of publication, distribution, etc London:
Name of publisher, distributor, etc Morgan Kaufmann Publishers;
Date of publication, distribution, etc 2003.
300 ## - PHYSICAL DESCRIPTION
Pagination xi, 338 p. :
Other physical details ill. ;
Dimensions 25 cm.
650 ## - SUBJECT ADDED ENTRY--TOPICAL TERM
Topical term or geographic name as entry element network processor design
942 ## - ADDED ENTRY ELEMENTS (KOHA)
Source of classification or shelving scheme Dewey Decimal Classification
Koha item type Books
Holdings
Source of classification or shelving scheme Damaged status Not for loan Home library Current library Shelving location Date of accession Source of acquisition Total Checkouts Full call number Barcode Date last seen Copy number Method of acquisition Koha item type Currency
Dewey Decimal Classification     JCC Rouf Library JCC Rouf Library General Stacks   With the compliments of Shahriar Imtiaz Rahman,27/1483/K   004.65 CRO 2003 19884 02/24/2025 C-1 Gift/Donation Books BDT

JCC Library | Contacts | JCC Home

Last Update on 23 September 2017
Copyright @ 2017-2020 JCC Rouf Library
Rouf Library, Jhenidah Cadet College (JCC), Bangladesh